[Event "Dzerzhinsk Samarina Memorial"]
[Site "Dzerzhinsk"]
[Date "2015.12.20"]
[Round "9"]
[White "Fedorychev, Alexey"]
[Black "Pashkin, Viktor"]
[Result "0-1"]
[WhiteElo "1711"]
[BlackElo "1724"]
[PlyCount "96"]
[EventDate "2015.12.03"]
[EventType "swiss"]
[EventRounds "9"]
[EventCountry "RUS"]
[SourceTitle "EXT 2022"]
[Source "ChessBase"]
[SourceDate "2021.10.06"]
[SourceVersion "1"]
[SourceVersionDate "2021.10.06"]
[SourceQuality "1"]

1. d4 e6 2. e4 b6 3. Nf3 Bb7 4. Bd3 c5 5. Be3 cxd4 6. Bxd4 Nf6 7. Nbd2 Nc6 8. c3 Qc7 9. Qe2 a6 10. Nc4 Nxd4 11. Nxd4 b5 12. Nd2 Qf4 13. g3 Qc7 14. a3 h5 15. N4f3 Bc5 16. h3 Ke7 17. 0-0 Qxg3+ 18. Kh1 Qxh3+ 19. Nh2 Ng4 20. f3 Qxh2+ 21. Qxh2 Nxh2 22. Kxh2 g5 23. Nb3 Bd6+ 24. Kg2 Bf4 25. Rh1 Rag8 26. c4 bxc4 27. Bxc4 g4 28. Nc5 Bc6 29. Bxa6 Bd6 30. Rac1 f5 31. Nxe6 gxf3+ 32. Kf2 Rg2+ 33. Kf1 Kxe6 34. exf5+ Kxf5 35. Bd3+ Be4 36. Bxe4+ Kxe4 37. Rh4+ Kf5 38. Rd1 Kg5 39. Rc4 Bf4 40. Rxd7 Rg8 41. Rd5+ Kg4 42. Rdd4 Rxb2 43. Rxf4+ Kg3 44. Rfe4 h4 45. Rc3 h3 46. Rc7 Kh2 47. Re2+ Rxe2 48. Rg7 Rxg7 0-1

[Event "Dzerzhinsk Samarina Memorial"]
[Site "Dzerzhinsk"]
[Date "2015.12.19"]
[Round "8"]
[White "Pashkin, Viktor"]
[Black "Rjabyh, Ilja"]
[Result "1-0"]
[WhiteElo "1724"]
[BlackElo "1715"]
[PlyCount "77"]
[EventDate "2015.12.03"]
[EventType "swiss"]
[EventRounds "9"]
[EventCountry "RUS"]
[SourceTitle "EXT 2022"]
[Source "ChessBase"]
[SourceDate "2021.10.06"]
[SourceVersion "1"]
[SourceVersionDate "2021.10.06"]
[SourceQuality "1"]

1. b3 e5 2. Bb2 Nc6 3. e3 Nf6 4. Bb5 d6 5. Nf3 Bd7 6. d4 e4 7. Nfd2 a6 8. Be2 d5 9. c4 Nb4 10. a3 Nd3+ 11. Bxd3 exd3 12. cxd5 Nxd5 13. Nf3 Bf5 14. Ne5 Bd6 15. Qf3 Be6 16. Nxd3 Nb6 17. Nd2 Qe7 18. Nf4 Bxf4 19. Qxf4 0-0 20. Qg3 Qd6 21. Qxd6 cxd6 22. 0-0 Rac8 23. Rac1 d5 24. a4 Rxc1 25. Rxc1 Rc8 26. Rc5 Rc6 27. f4 Nd7 28. Rxc6 bxc6 29. a5 g6 30. Ba3 Kg7 31. Bd6 h5 32. h3 Kf6 33. Nf3 Kf5 34. Kf2 Nf6 35. Nh4+ Ke4 36. Ke2 Ne8 37. Bb8 Ng7 38. Nf3 Nf5 39. Nd2# 1-0

[Event "Dzerzhinsk Samarina Memorial"]
[Site "Dzerzhinsk"]
[Date "2015.12.13"]
[Round "6"]
[White "Muratov, Evgeny"]
[Black "Pashkin, Viktor"]
[Result "1-0"]
[WhiteElo "1708"]
[BlackElo "1724"]
[PlyCount "103"]
[EventDate "2015.12.03"]
[EventType "swiss"]
[EventRounds "9"]
[EventCountry "RUS"]
[SourceTitle "EXT 2022"]
[Source "ChessBase"]
[SourceDate "2021.10.06"]
[SourceVersion "1"]
[SourceVersionDate "2021.10.06"]
[SourceQuality "1"]

1. e4 e6 2. d4 b6 3. Bd3 Bb7 4. Nf3 d6 5. c4 Ne7 6. Nc3 Ng6 7. Bd2 Be7 8. Qe2 0-0 9. 0-0-0 e5 10. Nd5 Bxd5 11. exd5 Nf4 12. Bxf4 exf4 13. Kb1 Bg5 14. Nxg5 Qxg5 15. g3 Nd7 16. h4 Qf6 17. Qg4 Rad8 18. Bf5 Nb8 19. gxf4 g6 20. Rdg1 Kh8 21. Bc2 Qxd4 22. h5 f5 23. Qh3 g5 24. fxg5 Rd7 25. Qc3 Qxc3 26. bxc3 Re7 27. Re1 Rg7 28. f4 Nd7 29. Re2 Nc5 30. Rhe1 Kg8 31. Re7 Rgf7 32. R1e3 a5 33. Kc1 a4 34. Kd1 a3 35. Ke1 Na6 36. Kf2 Nc5 37. Kg3 Kg7 38. Bxf5 Na4 39. Bxh7 Kh8 40. Rxf7 Rxf7 41. Bc2 Nb2 42. Re4 Kg7 43. Kg4 Kf8 44. g6 Re7 45. Rxe7 Kxe7 46. Bb3 Kf6 47. f5 Nd3 48. h6 Ne5+ 49. Kf4 Nd7 50. h7 Kg7 51. Kg5 Nf6 52. h8Q+ 1-0

[Event "Dzerzhinsk Vavilov Memorial 7th"]
[Site "Dzerzhinsk"]
[Date "2015.04.11"]
[Round "9"]
[White "Pashkin, Viktor"]
[Black "Smyslov, Vladislav"]
[Result "1-0"]
[WhiteElo "1713"]
[BlackElo "1538"]
[PlyCount "39"]
[EventDate "2015.04.02"]
[EventType "swiss"]
[EventRounds "9"]
[EventCountry "RUS"]
[SourceTitle "CBM 166 Extra"]
[Source "ChessBase"]
[SourceDate "2015.06.18"]
[SourceVersion "1"]
[SourceVersionDate "2015.06.18"]
[SourceQuality "1"]

1. b3 d5 2. Bb2 e6 3. e3 Nf6 4. f4 Be7 5. Nf3 0-0 6. Bd3 b6 7. Ng5 h6 8. h4 Ba6 9. Qe2 Bxd3 10. cxd3 hxg5 11. hxg5 g6 12. g3 Nh5 13. g4 Bxg5 14. fxg5 Qxg5 15. gxh5 Qg3+ 16. Kd1 g5 17. Nc3 f5 18. Kc2 g4 19. Nb5 Na6 20. Rag1 1-0

[Event "Dzerzhinsk Vavilov Memorial 7th"]
[Site "Dzerzhinsk"]
[Date "2015.04.09"]
[Round "8"]
[White "Maslov, Valery"]
[Black "Pashkin, Viktor"]
[Result "0-1"]
[WhiteElo "1569"]
[BlackElo "1713"]
[PlyCount "82"]
[EventDate "2015.04.02"]
[EventType "swiss"]
[EventRounds "9"]
[EventCountry "RUS"]
[SourceTitle "CBM 166 Extra"]
[Source "ChessBase"]
[SourceDate "2015.06.18"]
[SourceVersion "1"]
[SourceVersionDate "2015.06.18"]
[SourceQuality "1"]

1. e4 e6 2. Nf3 b6 3. d4 Bb7 4. Bd3 Bb4+ 5. Bd2 Be7 6. c4 Na6 7. a3 h6 8. Nc3 c5 9. d5 exd5 10. cxd5 Nc7 11. Bf4 d6 12. Qa4+ Kf8 13. 0-0 g5 14. Bg3 h5 15. h3 g4 16. hxg4 hxg4 17. Nh2 Bc8 18. e5 dxe5 19. Bxe5 f6 20. Qf4 Nxd5 21. Nxd5 Qxd5 22. Be4 Qxe5 23. Qxe5 fxe5 24. Bxa8 Bd6 25. f3 g3 26. Ng4 c4 27. Rad1 Bc5+ 28. Nf2 gxf2+ 29. Rxf2 Bd4 30. Rxd4 exd4 31. Bd5 b5 32. Re2 Nf6 33. Bc6 a6 34. a4 b4 35. g4 Rg8 36. Kf2 Rg6 37. Kg3 d3 38. Rd2 Nh5+ 39. Kh4 Rxc6 40. Kxh5 Rd6 41. g5 c3 0-1

[Event "Dzerzhinsk Vavilov Memorial 7th"]
[Site "Dzerzhinsk"]
[Date "2015.04.08"]
[Round "7"]
[White "Pashkin, Viktor"]
[Black "Markovsky, Georgy"]
[Result "0-1"]
[WhiteElo "1713"]
[BlackElo "1729"]
[PlyCount "118"]
[EventDate "2015.04.02"]
[EventType "swiss"]
[EventRounds "9"]
[EventCountry "RUS"]
[SourceTitle "CBM 166 Extra"]
[Source "ChessBase"]
[SourceDate "2015.06.18"]
[SourceVersion "1"]
[SourceVersionDate "2015.06.18"]
[SourceQuality "1"]

1. b3 d5 2. Bb2 c5 3. e3 Nc6 4. Bb5 a6 5. Be2 e5 6. h4 h6 7. g3 Nf6 8. a3 Bf5 9. g4 Be4 10. f3 Bg6 11. h5 Bh7 12. d3 Bd6 13. e4 Qb6 14. Bc1 Ne7 15. Nc3 0-0-0 16. Na4 Qc6 17. Bd2 Bc7 18. Qc1 dxe4 19. dxe4 Rd7 20. Be3 Ba5+ 21. c3 Bb6 22. Nxb6+ Qxb6 23. b4 Rhd8 24. bxc5 Qa5 25. Kf2 Qa4 26. Rb1 Nxe4+ 27. fxe4 Qxe4 28. Bf3 Qxb1 29. Ne2 Qxc1 30. Rxc1 Bd3 31. Bg2 Nd5 32. Ng3 Nxe3 33. Kxe3 Bc4 34. Ne4 Bd5 35. Rb1 Kc7 36. Rb6 Re8 37. a4 a5 38. Rb5 Ra8 39. Bf3 Bc6 40. Rb2 Bxa4 41. Nd6 Bc6 42. Nb5+ Kd8 43. Nd6 Bxf3 44. Kxf3 Rxd6 45. cxd6 a4 46. Rxb7 a3 47. Rb1 a2 48. Ra1 Kd7 49. Ke4 Kxd6 50. Kf5 f6 51. Ke4 Ra4+ 52. Kd3 Kc5 53. Kc2 Kc4 54. Kb2 e4 55. Kc2 e3 56. g5 hxg5 57. h6 gxh6 58. Rd1 a1Q 59. Rd4+ Kc5 0-1

[Event "Dzerzhinsk Vavilov Memorial 7th"]
[Site "Dzerzhinsk"]
[Date "2015.04.03"]
[Round "2"]
[White "Pashkin, Viktor"]
[Black "Shulgin, Nikolai"]
[Result "0-1"]
[WhiteElo "1713"]
[BlackElo "2013"]
[PlyCount "92"]
[EventDate "2015.04.02"]
[EventType "swiss"]
[EventRounds "9"]
[EventCountry "RUS"]
[SourceTitle "CBM 166 Extra"]
[Source "ChessBase"]
[SourceDate "2015.06.18"]
[SourceVersion "1"]
[SourceVersionDate "2015.06.18"]
[SourceQuality "1"]

1. b3 e5 2. Bb2 d6 3. e3 Nf6 4. c4 g6 5. Be2 Bg7 6. Nc3 Nbd7 7. Nf3 0-0 8. 0-0 Re8 9. e4 Nf8 10. d3 c6 11. Bc1 h6 12. Bd2 Kh7 13. Qc1 Bg4 14. h3 Bd7 15. Be3 Ne6 16. Rb1 Ng8 17. Rd1 f5 18. exf5 gxf5 19. Na4 Qf6 20. Nh2 Ne7 21. Bh5 Rg8 22. Kh1 b6 23. Nb2 Raf8 24. Bd2 Qh4 25. Bf3 Qxf2 26. Be1 Qd4 27. g3 b5 28. Qc2 Qb6 29. Bf2 Qb8 30. a4 b4 31. Rg1 d5 32. c5 e4 33. Bh5 Ng5 34. Kg2 Be5 35. Nf1 f4 36. Bg4 Qc8 37. Bxd7 Qxd7 38. g4 Ng6 39. dxe4 dxe4 40. Rd1 Qe6 41. Nc4 Bc7 42. Nd6 e3 43. Bh4 f3+ 44. Kh1 f2 45. Ng3 fxg1Q+ 46. Kxg1 Nxh3+ 0-1

[Event "Dzerzhinsk Vavilov Memorial 6th"]
[Site "Dzerzhinsk"]
[Date "2014.03.27"]
[Round "2"]
[White "Iskhakov, Nikolay"]
[Black "Pashkin, Viktor"]
[Result "1-0"]
[WhiteElo "2022"]
[BlackElo "1735"]
[PlyCount "71"]
[EventDate "2014.03.26"]
[EventType "swiss"]
[EventRounds "9"]
[EventCountry "RUS"]
[SourceTitle "EXT 2016"]
[Source "ChessBase"]
[SourceDate "2015.10.08"]
[SourceVersion "1"]
[SourceVersionDate "2015.10.08"]
[SourceQuality "1"]

1. e4 e6 2. Nf3 b6 3. d3 Bb7 4. g3 Ne7 5. Bg2 Ng6 6. 0-0 Be7 7. Nbd2 0-0 8. c3 Nc6 9. Qc2 a5 10. d4 Rb8 11. a4 d5 12. Re1 Na7 13. exd5 exd5 14. Nf1 c5 15. Ne3 cxd4 16. Nxd4 Bf6 17. Nef5 Nc6 18. Nxc6 Bxc6 19. Be3 Ba8 20. Bd4 Bxd4 21. Nxd4 Qf6 22. Re2 Rfc8 23. Rae1 Nf8 24. Qd3 g6 25. Bh3 Rd8 26. Qb5 Qd6 27. Re7 Qc5 28. Qa6 Bc6 29. Rc7 Ra8 30. Qd3 Rd6 31. Qf3 f6 32. Ree7 f5 33. Qe3 Rf6 34. Rg7+ Kh8 35. Qh6 Bd7 36. Rcxd7 1-0

[Event "Nizhnij Novgorod-ch"]
[Site "Nizhnij Novgorod"]
[Date "2014.??.??"]
[Round "4"]
[White "Pashkin, Viktor"]
[Black "Mischenko, Nikolai"]
[Result "0-1"]
[WhiteElo "1771"]
[BlackElo "1951"]
[PlyCount "38"]
[EventDate "2014.03.??"]
[EventType "swiss"]
[EventRounds "9"]
[EventCountry "RUS"]
[SourceTitle "EXT 2016"]
[Source "ChessBase"]
[SourceDate "2015.10.08"]
[SourceVersion "1"]
[SourceVersionDate "2015.10.08"]
[SourceQuality "1"]

1. b3 e5 2. Bb2 Nc6 3. e3 d5 4. d3 Bd6 5. f4 f6 6. fxe5 fxe5 7. Qh5+ g6 8. Qf3 Nf6 9. Nc3 Be6 10. Nb5 Rf8 11. Nxd6+ Qxd6 12. Qe2 0-0-0 13. a4 d4 14. e4 a5 15. h3 Nh5 16. Ba3 Nb4 17. Nf3 Ng3 18. Qf2 Nxh1 19. Qh4 Nxc2+ 0-1

[Event "Nizhnij Novgorod Region-ch"]
[Site "Nizhnij Novgorod"]
[Date "2013.10.19"]
[Round "7"]
[White "Pashkin, Viktor"]
[Black "Frolov, Nikolai"]
[Result "0-1"]
[WhiteElo "1768"]
[BlackElo "2017"]
[PlyCount "54"]
[EventDate "2013.10.19"]
[EventType "swiss"]
[EventRounds "9"]
[EventCountry "RUS"]
[SourceTitle "EXT 2022"]
[Source "ChessBase"]
[SourceDate "2021.10.06"]
[SourceVersion "1"]
[SourceVersionDate "2021.10.06"]
[SourceQuality "1"]

1. b3 e5 2. Bb2 Nc6 3. e3 Nf6 4. Be2 Bd6 5. Nc3 a6 6. a3 Qe7 7. Nf3 0-0 8. Ng5 e4 9. d4 h6 10. h4 b5 11. Bf1 Bb7 12. d5 Nd8 13. b4 Be5 14. Rb1 d6 15. Qd2 c6 16. dxc6 Bxc6 17. g3 Ne6 18. Nh3 d5 19. Nf4 Bxf4 20. gxf4 d4 21. Nd1 dxe3 22. Qxe3 Ng4 23. Qc3 e3 24. Nxe3 Nxe3 25. Qxe3 Bxh1 26. f5 Rfe8 27. f6 Qb7 0-1

[Event "Nizhnij Novgorod Region-ch"]
[Site "Nizhnij Novgorod"]
[Date "2013.10.19"]
[Round "5"]
[White "Pashkin, Viktor"]
[Black "Golovanov, Vjacheslav"]
[Result "0-1"]
[WhiteElo "1768"]
[BlackElo "1843"]
[PlyCount "106"]
[EventDate "2013.10.19"]
[EventType "swiss"]
[EventRounds "9"]
[EventCountry "RUS"]
[SourceTitle "EXT 2022"]
[Source "ChessBase"]
[SourceDate "2021.10.06"]
[SourceVersion "1"]
[SourceVersionDate "2021.10.06"]
[SourceQuality "1"]

1. b3 e5 2. Bb2 Nc6 3. e3 d6 4. Bb5 Bd7 5. Nc3 Nf6 6. Nf3 g6 7. a3 Bg7 8. Ng5 0-0 9. Nge4 Ne8 10. h4 a6 11. Bc4 Na5 12. Be2 f5 13. Ng5 h6 14. b4 b5 15. bxa5 hxg5 16. h5 Nf6 17. hxg6 g4 18. a4 c6 19. Ba3 Be8 20. axb5 axb5 21. f3 Bxg6 22. fxg4 fxg4 23. Bxg4 Nxg4 24. Qxg4 Bf5 25. Qb4 Rf6 26. e4 Bg4 27. Nd1 Rxa5 28. Qb3+ Be6 29. Qg3 Qa8 30. Rh5 b4 31. Rg5 Rf7 32. Rg6 Bd7 33. Rxd6 Rxa3 34. Rxa3 bxa3 35. Qc3 a2 36. Qa1 Qb8 37. Rxd7 Rxd7 38. Qxa2+ Kh8 39. Ne3 Qd8 40. Qe6 Rd6 41. Qg4 Qe8 42. Nf5 Rg6 43. Qh5+ Kg8 44. Nh4 Re6 45. Qg4 Qe7 46. Nf5 Qf7 47. Qg5 Rf6 48. g4 Kf8 49. Qe3 Qd7 50. Qc5+ Kf7 51. Qxe5 Rg6 52. Qf4 Bf6 53. Nd6+ Qxd6 0-1

[Event "Nizhnij Novgorod Region-ch"]
[Site "Nizhnij Novgorod"]
[Date "2013.10.19"]
[Round "6"]
[White "Ruzanov, Vadim"]
[Black "Pashkin, Viktor"]
[Result "0-1"]
[WhiteElo "1864"]
[BlackElo "1768"]
[PlyCount "44"]
[EventDate "2013.10.19"]
[EventType "swiss"]
[EventRounds "9"]
[EventCountry "RUS"]
[SourceTitle "EXT 2022"]
[Source "ChessBase"]
[SourceDate "2021.10.06"]
[SourceVersion "1"]
[SourceVersionDate "2021.10.06"]
[SourceQuality "1"]

1. e4 e6 2. c4 b6 3. Nc3 Bb7 4. g3 f5 5. Bg2 Nf6 6. d3 Bb4 7. Qc2 Nc6 8. Nge2 Ne5 9. 0-0 fxe4 10. Nxe4 Nxe4 11. dxe4 0-0 12. f4 Bc5+ 13. Kh1 Ng4 14. Nc3 Qf6 15. e5 Bxg2+ 16. Kxg2 Nxe5 17. b3 Ng4 18. Rf3 Qd4 19. Bd2 e5 20. Raf1 exf4 21. Nb5 Qe5 22. gxf4 Qe2+ 0-1

[Event "Nizhnij Novgorod Region-ch"]
[Site "Nizhnij Novgorod"]
[Date "2012.10.14"]
[Round "?"]
[White "Pashkin, Viktor"]
[Black "Denisov, Albert"]
[Result "0-1"]
[WhiteElo "1799"]
[BlackElo "1761"]
[PlyCount "40"]
[EventDate "2012.10.06"]
[EventType "swiss"]
[EventRounds "9"]
[EventCountry "RUS"]
[SourceTitle "EXT 2022"]
[Source "ChessBase"]
[SourceDate "2021.10.06"]
[SourceVersion "1"]
[SourceVersionDate "2021.10.06"]
[SourceQuality "1"]

1. b3 e5 2. Bb2 Nc6 3. c4 Nf6 4. e3 Be7 5. Nc3 d6 6. Bd3 Bg4 7. Qc1 0-0 8. h3 Bh5 9. a3 Bg6 10. Qc2 Nd7 11. Nd5 Bxd3 12. Qxd3 Nc5 13. Qc2 e4 14. Ke2 Nd3 15. Nxe7+ Qxe7 16. f4 Qh4 17. Rf1 Qg3 18. Nf3 exf3+ 19. Kxd3 fxg2 20. Rfg1 gxh1Q 0-1

[Event "Nizhnij Novgorod Region-ch"]
[Site "Nizhnij Novgorod"]
[Date "2012.10.13"]
[Round "?"]
[White "Shapfiullin, Ruslan"]
[Black "Pashkin, Viktor"]
[Result "1-0"]
[WhiteElo "1886"]
[BlackElo "1799"]
[PlyCount "49"]
[EventDate "2012.10.06"]
[EventType "swiss"]
[EventRounds "9"]
[EventCountry "RUS"]
[SourceTitle "EXT 2022"]
[Source "ChessBase"]
[SourceDate "2021.10.06"]
[SourceVersion "1"]
[SourceVersionDate "2021.10.06"]
[SourceQuality "1"]

1. d4 e6 2. e4 b6 3. c4 Bb7 4. d5 Qh4 5. Bd3 Bb4+ 6. Bd2 Bc5 7. Qe2 Na6 8. a3 h6 9. b4 Bd4 10. Nf3 Qxf2+ 11. Qxf2 Bxf2+ 12. Kxf2 0-0-0 13. Rf1 f6 14. Nc3 g5 15. Kg1 h5 16. e5 g4 17. Nh4 f5 18. Ng6 Rh7 19. g3 Nh6 20. Rfe1 Rg8 21. Ne7+ Rxe7 22. Bxh6 Rh7 23. Bf4 h4 24. Bf1 Rgh8 25. Bg2 1-0

[Event "Nizhnij Novgorod Region-ch"]
[Site "Nizhnij Novgorod"]
[Date "2012.10.12"]
[Round "?"]
[White "Pashkin, Viktor"]
[Black "Sukhinin, Anatoly"]
[Result "0-1"]
[WhiteElo "1799"]
[BlackElo "2049"]
[PlyCount "102"]
[EventDate "2012.10.06"]
[EventType "swiss"]
[EventRounds "9"]
[EventCountry "RUS"]
[SourceTitle "EXT 2022"]
[Source "ChessBase"]
[SourceDate "2021.10.06"]
[SourceVersion "1"]
[SourceVersionDate "2021.10.06"]
[SourceQuality "1"]

1. b3 c5 2. e3 d5 3. Bb2 Nc6 4. Nf3 Nf6 5. Bb5 Bd7 6. a4 e6 7. Bxc6 Bxc6 8. Ne5 Bd6 9. Nxc6 bxc6 10. Qf3 e5 11. d3 0-0 12. e4 Rb8 13. Bc3 Bc7 14. 0-0 Re8 15. Bd2 Ba5 16. Bg5 Re6 17. Rd1 h6 18. Bh4 Qd6 19. Qe2 Nd7 20. Nd2 Bxd2 21. Qxd2 Rf8 22. c4 f5 23. exd5 cxd5 24. f3 Rb8 25. Rab1 Nb6 26. a5 Nd7 27. Be1 Kh7 28. b4 cxb4 29. Rxb4 Qc5+ 30. Qf2 d4 31. Qb2 Ree8 32. Rb1 Rxb4 33. Qxb4 Qxb4 34. Bxb4 Rb8 35. Kf2 Nc5 36. Bxc5 Rxb1 37. Bxa7 Kg6 38. Bb6 Kf7 39. c5 Rb2+ 40. Ke1 Ke6 41. c6 Rxg2 42. Kd1 Rxh2 43. Kc1 Ra2 44. Kb1 Ra3 45. Kb2 Rc3 46. c7 Kd7 47. f4 exf4 48. Bxd4 Rxc7 49. Bxg7 Ra7 50. Bxh6 f3 51. Be3 Rxa5 0-1

[Event "Nizhnij Novgorod Region-ch"]
[Site "Nizhnij Novgorod"]
[Date "2012.10.10"]
[Round "?"]
[White "Pashkin, Viktor"]
[Black "Khanov, Igor"]
[Result "1-0"]
[WhiteElo "1799"]
[BlackElo "1670"]
[PlyCount "81"]
[EventDate "2012.10.06"]
[EventType "swiss"]
[EventRounds "9"]
[EventCountry "RUS"]
[SourceTitle "EXT 2022"]
[Source "ChessBase"]
[SourceDate "2021.10.06"]
[SourceVersion "1"]
[SourceVersionDate "2021.10.06"]
[SourceQuality "1"]

1. b3 Nf6 2. Bb2 e6 3. e3 Bb4 4. a3 Be7 5. f4 d6 6. Nf3 0-0 7. Ng5 a6 8. h4 Nbd7 9. Bd3 b6 10. Qf3 Rb8 11. Nc3 Bb7 12. Qh3 Nc5 13. Be2 Nce4 14. Ngxe4 Nxe4 15. Nxe4 Bxe4 16. d3 Bb7 17. e4 Bf6 18. e5 Be7 19. Qg3 dxe5 20. 0-0-0 Bf6 21. fxe5 Be7 22. Kb1 Bc6 23. Rdf1 Bc5 24. Rf4 b5 25. b4 Bb6 26. Rg4 g6 27. Bc1 Kg7 28. h5 g5 29. Rf1 f5 30. exf6+ Kf7 31. Bb2 Qd6 32. Be5 Qd7 33. d4 Rg8 34. Bd3 Rbf8 35. Bg6+ Rxg6 36. hxg6+ Kxg6 37. Qd3+ Kf7 38. Qxh7+ Ke8 39. Qh6 Bd5 40. Rxg5 Qc6 41. f7+ 1-0

[Event "Nizhnij Novgorod Region-ch"]
[Site "Nizhnij Novgorod"]
[Date "2012.10.07"]
[Round "?"]
[White "Tarasov, Valery"]
[Black "Pashkin, Viktor"]
[Result "1-0"]
[WhiteElo "1953"]
[BlackElo "1799"]
[PlyCount "75"]
[EventDate "2012.10.06"]
[EventType "swiss"]
[EventRounds "9"]
[EventCountry "RUS"]
[SourceTitle "EXT 2022"]
[Source "ChessBase"]
[SourceDate "2021.10.06"]
[SourceVersion "1"]
[SourceVersionDate "2021.10.06"]
[SourceQuality "1"]

1. e4 e6 2. d4 b6 3. Bd3 Bb7 4. Nd2 f5 5. Ngf3 fxe4 6. Bxe4 Bxe4 7. Nxe4 Be7 8. 0-0 Nf6 9. Qe2 Nc6 10. Nxf6+ Bxf6 11. d5 Ne7 12. dxe6 0-0 13. exd7 Qxd7 14. c3 Ng6 15. Be3 Rae8 16. Qc4+ Kh8 17. Rfd1 Qc8 18. Qc6 Ne7 19. Qd7 Qb7 20. Bf4 Rc8 21. Be5 Ng8 22. Rd4 Rfd8 23. Qg4 c5 24. Rdd1 Rxd1+ 25. Rxd1 Nh6 26. Qf4 Ng8 27. Bxf6 Nxf6 28. g4 h6 29. h4 Re8 30. g5 Qe4 31. Qxe4 Nxe4 32. gxh6 gxh6 33. Re1 Rg8+ 34. Kf1 Rg4 35. Ne5 Nd2+ 36. Ke2 Ra4 37. Kxd2 Rxa2 38. Kc2 1-0

[Event "Nizhnij Novgorod Region-ch"]
[Site "Nizhnij Novgorod"]
[Date "2012.10.06"]
[Round "?"]
[White "Pashkin, Viktor"]
[Black "Kosenkov, Evgeniy"]
[Result "1/2-1/2"]
[WhiteElo "1799"]
[BlackElo "2014"]
[PlyCount "61"]
[EventDate "2012.10.06"]
[EventType "swiss"]
[EventRounds "9"]
[EventCountry "RUS"]
[SourceTitle "EXT 2022"]
[Source "ChessBase"]
[SourceDate "2021.10.06"]
[SourceVersion "1"]
[SourceVersionDate "2021.10.06"]
[SourceQuality "1"]

1. b3 e5 2. Bb2 Nc6 3. e3 Nf6 4. Bb5 d6 5. Nf3 Be7 6. Nc3 Bg4 7. h3 Bh5 8. g4 Bg6 9. Nh4 Qd7 10. Nxg6 hxg6 11. Qf3 a6 12. Bxc6 Qxc6 13. Qxc6+ bxc6 14. Ke2 Kd7 15. f3 Rh4 16. Kf2 Rah8 17. Kg2 d5 18. Ne2 Bd6 19. Raf1 g5 20. d3 Ke7 21. Bc3 Nd7 22. Be1 R4h7 23. Bg3 g6 24. f4 gxf4 25. exf4 f6 26. Re1 Kf7 27. fxe5 fxe5 28. d4 e4 29. c4 Bxg3 30. Kxg3 Nb6 31. c5 1/2-1/2

[Event "Nizhnij Novgorod Dubinin Memorial 18th"]
[Site "Nizhnij Novgorod"]
[Date "2011.01.03"]
[Round "?"]
[White "Marsak, Viktor D"]
[Black "Pashkin, Viktor"]
[Result "1-0"]
[WhiteElo "2033"]
[BlackElo "1859"]
[PlyCount "35"]
[EventDate "2011.01.03"]
[EventType "swiss"]
[EventRounds "9"]
[EventCountry "RUS"]
[SourceTitle "EXT 2012"]
[Source "ChessBase"]
[SourceDate "2011.11.24"]
[SourceVersion "1"]
[SourceVersionDate "2011.11.24"]
[SourceQuality "1"]

1. d4 f5 2. e4 fxe4 3. Nc3 Nf6 4. f3 exf3 5. Nxf3 e6 6. Bg5 Bb4 7. Bd3 0-0 8. 0-0 Be7 9. Ne5 Nc6 10. Bxf6 Rxf6 11. Rxf6 Bxf6 12. Qh5 h6 13. Qf7+ Kh8 14. Qg6 Kg8 15. Rf1 d6 16. Qf7+ Kh8 17. Nxc6 bxc6 18. Rxf6 1-0

[Event "Nizhnij Novgorod Dubinin Memorial 18th"]
[Site "Nizhnij Novgorod"]
[Date "2011.01.03"]
[Round "?"]
[White "Pashkin, Viktor"]
[Black "Kozyrev, Daniil"]
[Result "0-1"]
[WhiteElo "1859"]
[BlackElo "2150"]
[PlyCount "30"]
[EventDate "2011.01.03"]
[EventType "swiss"]
[EventRounds "9"]
[EventCountry "RUS"]
[SourceTitle "EXT 2012"]
[Source "ChessBase"]
[SourceDate "2011.11.24"]
[SourceVersion "1"]
[SourceVersionDate "2011.11.24"]
[SourceQuality "1"]

1. b3 d5 2. Bb2 Nf6 3. e3 g6 4. f4 Bg7 5. Nf3 0-0 6. Be2 c5 7. 0-0 Nc6 8. a3 Qc7 9. Qc1 a6 10. Ne5 Bf5 11. Nxc6 Qxc6 12. Bf3 Rac8 13. c4 Qb6 14. cxd5 Qxb3 15. Nc3 Rfd8 0-1

[Event "Kstovo op"]
[Site "Kstovo"]
[Date "2010.09.08"]
[Round "5"]
[White "Malyshev, Nikita"]
[Black "Pashkin, Viktor"]
[Result "1-0"]
[WhiteElo "1848"]
[BlackElo "1837"]
[PlyCount "61"]
[EventDate "2010.09.04"]
[EventType "swiss"]
[EventRounds "9"]
[EventCountry "RUS"]
[SourceTitle "EXT 2014"]
[Source "ChessBase"]
[SourceDate "2013.11.20"]
[SourceVersion "1"]
[SourceVersionDate "2013.11.20"]
[SourceQuality "1"]

1. d4 e6 2. c4 b6 3. e4 Bb7 4. Nc3 Bb4 5. Bd3 f5 6. d5 Qh4 7. exf5 exd5 8. Nf3 Qe7+ 9. Be3 Nf6 10. 0-0 0-0 11. Bg5 h6 12. Bxf6 Qxf6 13. Nxd5 Bxd5 14. cxd5 Bd6 15. Qb3 a5 16. Rab1 a4 17. Qc4 Na6 18. Rfe1 Nc5 19. Bc2 Rfb8 20. Qd4 b5 21. a3 Rf8 22. Re3 Nb3 23. Bxb3 axb3 24. Qxf6 Rxf6 25. g4 h5 26. h3 hxg4 27. hxg4 g6 28. Nh4 gxf5 29. Nxf5 Rg6 30. Kf1 Rxg4 31. Nh6+ 1-0

[Event "Kstovo op"]
[Site "Kstovo"]
[Date "2010.09.06"]
[Round "3"]
[White "Sorokin, Nikolay A"]
[Black "Pashkin, Viktor"]
[Result "0-1"]
[WhiteElo "1763"]
[BlackElo "1837"]
[PlyCount "36"]
[EventDate "2010.09.04"]
[EventType "swiss"]
[EventRounds "9"]
[EventCountry "RUS"]
[SourceTitle "EXT 2014"]
[Source "ChessBase"]
[SourceDate "2013.11.20"]
[SourceVersion "1"]
[SourceVersionDate "2013.11.20"]
[SourceQuality "1"]

1. e4 e6 2. d4 b6 3. Nf3 Bb7 4. Bd3 Nf6 5. Bg5 Be7 6. Nc3 Nc6 7. a3 h6 8. Bh4 g5 9. Bg3 g4 10. Nh4 h5 11. d5 Nb8 12. dxe6 dxe6 13. Nb5 Na6 14. Nc3 Nc5 15. Qe2 Nxd3+ 16. cxd3 Ba6 17. Rd1 Nd7 18. b4 Bxh4 0-1

[Event "Kstovo op"]
[Site "Kstovo"]
[Date "2010.09.04"]
[Round "1"]
[White "Teterikov, Andrey"]
[Black "Pashkin, Viktor"]
[Result "1-0"]
[WhiteElo "2077"]
[BlackElo "1837"]
[PlyCount "53"]
[EventDate "2010.09.04"]
[EventType "swiss"]
[EventRounds "9"]
[EventCountry "RUS"]
[SourceTitle "EXT 2014"]
[Source "ChessBase"]
[SourceDate "2013.11.20"]
[SourceVersion "1"]
[SourceVersionDate "2013.11.20"]
[SourceQuality "1"]

1. e4 e6 2. d3 b6 3. g3 Bb7 4. Bg2 f5 5. Nc3 Nf6 6. Nge2 Bb4 7. 0-0 0-0 8. Bg5 Be7 9. e5 Bxg2 10. Kxg2 Ng4 11. Bxe7 Qxe7 12. d4 Nc6 13. h3 Nh6 14. f4 Qb4 15. a3 Qe7 16. d5 exd5 17. Nxd5 Qd8 18. Nb4 Nxb4 19. axb4 Re8 20. Qd5+ Kf8 21. Nc3 c6 22. Qd4 Qe7 23. Rfd1 Red8 24. b5 c5 25. Qd3 Ke8 26. Nd5 Qf7 27. Nc7+ 1-0